00572nam a22002057a 450000500170000001000110001702000210002803500110004903700160006004000120007608200160008810000170010424500480012126000450016927000490021430000240026350000190028765000340030665000260034020170124110110.0 a708097 c00.00a706902599 a708097 bCen Lib/Ret aDPLbEN a954.09bCHO aChopra, Pran aIndia's second liberation /cby Pran Chopra bVikash Publishing Housec1973aNew Delhi a5, Daryaganj, Ansari RoadbNew Delhie110002 avi,270p. c20cm(Hb) aIncludes index aIndia-Pakistan Conflict, 1971 aBangladesh -- History